000 00229nam a22000857a 4500
008 160705b xxu||||| |||| 00| 0 eng d
100 _92088
_a Sehgal, R
245 _aTeaching Aptitude Attitude.
260 _aNew Delhi
_b Bookhive
_c2004
999 _c1784
_d1784